000
00308nam a22001457a 4500
003
SGT
082
_a
515,PUN
100
_a
PUNDIR,SUDHIR K
245
_a
CALCULUS OF VARIATIONS
250
_a
5TH
260
_a
MEERUT
_b
PRAGATI PRAKASHAN
_c
2015
300
_a
127
650
_a
CALCULUS
942
_2
ddc
_c
FPS
_0
3
999
_c
10031
_d
10031